| 000 | 00900aam a2200301 4500 | ||
|---|---|---|---|
| 005 | 20260306154156.0 | ||
| 008 | 150227b2011 xxu||||| |||| 00| 0 eng d | ||
| 020 | _a9789871419487 | ||
| 041 | _aESP | ||
| 082 | _a364.106 SE486d | ||
| 100 |
_aSerpa Guiñazú, Guillermo _928736 |
||
| 245 | _aDelincuencia transnacional organizada: lavado de activos, narcotráfico y financiamiento del terrorismo | ||
| 260 | _aArgentina | ||
| 260 | _bCathedra Jurídica | ||
| 260 | _c2011 | ||
| 300 | _a135 páginas | ||
| 490 | _aInvestigación Criminal | ||
| 650 | _aNARCOTRÁFICO | ||
| 650 | _aLAVADO DE DINERO | ||
| 650 | _aDELITOS DE CUELLO BLANCO | ||
| 650 | _aTERRORISMO | ||
| 650 | _aDELINCUENCIA ORGANIZADA | ||
| 650 | _aCRIMEN ORGANIZADO | ||
| 650 | _aCOOPERACIÓN INTERNACIONAL | ||
| 650 | _aORGANIZACIÓN DE ESTADOS AMERICANOS | ||
| 650 | _aCUMBRE DE LAS AMERICAS | ||
| 942 |
_cBK _2ddc |
||
| 999 |
_c3618 _d3618 |
||